000 00563nam a22002057a 4500
003 MPLRDC
005 20220104203700.0
008 210129b ||||| |||| 00| 0 eng d
020 _a978-986-6369-40-7
082 _a091 WXGZ
100 _a文心工作室 编著
245 _a易经
_c李旭昇 总策划
250 _a初版5.5刷
260 _a台湾
_b商周出版,城邦文化事业股份有限公司
_c2014
300 _b
490 _a中文经典100句: 20
520 _a新书上架 2018-09-16。
650 _a易经
942 _cBK
_o091 WXGZ
999 _c68238
_d68228